| 000 | 00373 a2200157 4500 | ||
|---|---|---|---|
| 005 | 20250628151136.0 | ||
| 020 | _a0-13-033272-0 | ||
| 082 | _a657.95 CHO | ||
| 100 | _aCHOI, F. | ||
| 245 | _aInternational Accounting. | ||
| 250 | _a4th Ed. | ||
| 260 |
_aNew York, _bPrentice Hall, _c2002. |
||
| 300 |
_axx,510p.; _bIndex _c23cm. |
||
| 700 | _aAnn Frost C. | ||
| 942 |
_2ddc _cBKS |
||
| 999 |
_c6080 _d6080 |
||